000 00523nam a22001577a 4500
999 _c11771
_d11771
008 181220b ||||| |||| 00| 0 eng d
020 _a971542888
082 _22001
_aDFil 899.211
_bP53
245 _aDonsadat (N. Kankanay)/
_cDamiana L. Eugenio [Compiler and Editor]
260 _aQuezon City:
_bUP Press,
_cc2001.
300 _apage 164-165.
_c23 cm.
500 _aPhilippine folk literature: The folktales
650 _aFolklore
_933548
650 _aPhilippine folk literature--Collections
_933549
942 _2ddc
_cDFIL